Sports Quiz

Random Sports or NBA Quiz

NBA 20-21 Monthly Leaders Quiz Stats

 Plays Quiz not verified by Sporcle

Support Sporcle.
Go Orange.
Score 0/120 Timer 10:00
6 Plays Today
Month Player % Correct
AprilStephen Curry
98.4%
AprilStephen Curry
98.4%
AprilStephen Curry
98.4%
JanuaryStephen Curry
98.4%
JanuaryStephen Curry
98.4%
FebruaryStephen Curry
98.4%
FebruaryStephen Curry
98.4%
JanuaryLeBron James
97%
JanuaryLeBron James
97%
FebruaryLeBron James
97%
JanuaryJames Harden
96.2%
FebruaryJames Harden
96.2%
MarchJames Harden
96.2%
MarchJames Harden
96.2%
DecemberNikola Jokic
93.8%
DecemberNikola Jokic
93.8%
JanuaryNikola Jokic
93.8%
JanuaryNikola Jokic
93.8%
MarchNikola Jokic
93.8%
DecemberBradley Beal
92.7%
FebruaryBradley Beal
92.7%
FebruaryBradley Beal
92.7%
AprilNikola Jokic
91.9%
AprilRussell Westbrook
90.4%
AprilRussell Westbrook
90.4%
AprilRussell Westbrook
90.4%
AprilRussell Westbrook
90.4%
JanuaryRudy Gobert
89.4%
JanuaryRudy Gobert
89.4%
FebruaryRudy Gobert
89.4%
MarchRudy Gobert
89.4%
MarchRudy Gobert
89.4%
DecemberRussell Westbrook
88.6%
FebruaryRussell Westbrook
88.6%
MarchRussell Westbrook
88.6%
MarchRussell Westbrook
88.6%
MarchRussell Westbrook
88.6%
MarchRussell Westbrook
88.6%
AprilRudy Gobert
88.1%
AprilRudy Gobert
88.1%
Month Player % Correct
JanuaryDamian Lillard
87.6%
JanuaryDamian Lillard
87.6%
MarchDamian Lillard
87.6%
MarchDamian Lillard
87.6%
MarchDamian Lillard
87.6%
DecemberChris Paul
87.4%
DecemberGiannis Antetokounmpo
86.5%
FebruaryGiannis Antetokounmpo
86.5%
FebruaryGiannis Antetokounmpo
86.5%
JanuaryLuka Doncic
86.1%
JanuaryLuka Doncic
86.1%
AprilLuka Doncic
84.8%
AprilLuka Doncic
84.8%
AprilChris Paul
84.7%
FebruaryJayson Tatum
84.6%
DecemberAndre Drummond
83.9%
DecemberAndre Drummond
83.9%
DecemberAndre Drummond
83.9%
JanuaryAndre Drummond
83.9%
AprilJayson Tatum
83.3%
DecemberTrae Young
83.3%
JanuaryTrae Young
83.3%
FebruaryTrae Young
83.3%
FebruaryTrae Young
83.3%
MarchTrae Young
83.3%
MarchTrae Young
83.3%
DecemberDevin Booker
83%
MarchKawhi Leonard
83%
DecemberJaylen Brown
82.5%
DecemberPaul George
82%
AprilJae’Sean Tate + Dejounte Murray + Matisse Thybulle
81.9%
MarchRobert Williams III
81.2%
FebruaryJimmy Butler
80.5%
FebruaryLonzo Ball
80%
AprilJimmy Butler
79.4%
DecemberJulius Randle
79%
DecemberJulius Randle
79%
JanuaryJulius Randle
79%
AprilJulius Randle
78.9%
JanuaryMatisse Thybulle + Mike Conley + Jrue Holiday
76.8%
Month Player % Correct
AprilClint Capela
76.6%
DecemberMyles Turner
75%
JanuaryMyles Turner
75%
MarchMyles Turner
75%
FebruaryMyles Turner
74.9%
JanuaryClint Capela
74.3%
JanuaryClint Capela
74.3%
FebruaryClint Capela
74.3%
FebruaryClint Capela
74.3%
AprilDraymond Green
74%
FebruaryDraymond Green
71.4%
DecemberCJ McCollum
66.8%
MarchDe’Aaron Fox
65.7%
FebruaryBrandon Ingram
61.9%
MarchDuncan Robinson
61.2%
DecemberCollin Sexton
52.5%
DecemberBuddy Hield
51.9%
JanuaryBuddy Hield
51.9%
MarchBuddy Hield
51.9%
DecemberJarrett Allen
50.4%
FebruaryFred VanVleet + Kyle Anderson
49.4%
JanuaryFred VanVleet
48.7%
JanuaryFred VanVleet
48.7%
DecemberRJ Barrett
46%
JanuaryRJ Barrett
46%
MarchJonas Valanciunas
43.6%
FebruaryT.J. McConnell
43.1%
FebruaryEnes Kanter
42.3%
MarchEnes Kanter
42.3%
AprilBogdan Bogdanovic
40.3%
AprilMiles Bridges
34.3%
AprilNerlens Noel
29.3%
DecemberChris Boucher
27%
MarchRobert Covington
23.1%
MarchRobert Covington
23.1%
DecemberLarry Nance Jr.
21%
DecemberOG Anunoby
16.6%
AprilJakob Poeltl
15.8%
AprilReggie Bullock
13.1%
FebruaryMalik Beasley
10.9%

You're not logged in!

Compare scores with friends on all Sporcle quizzes.
OR
Log In

From the Vault

Dahl Book by Opening Line

by Flick

"A little nonsense now and then is relished by the wisest men."
Remove Ads.
Support Sporcle.
Get the best of Sporcle when you Go Orange. This ad-free experience offers more features, more stats, and more fun while also helping to support Sporcle. Thank you for becoming a member.

Show Comments

Extras

Top Quizzes Today


Score Distribution

Your Account Isn't Verified!

In order to create a playlist on Sporcle, you need to verify the email address you used during registration. Go to your Sporcle Settings to finish the process.

Report this User

Report this user for behavior that violates our Community Guidelines.

Details: